Logo Quiz Level 8 - Statistics

General Stats
  • This quiz has been taken 49 times
  • The average score is 6 of 16
Answer Stats
Picture Answer % Correct
TikTok
82%
CNN
79%
Google Chrome
64%
Intel
46%
Musical.ly
46%
Al Jazeera
43%
NordVPN
39%
Beko
36%
Foton
29%
Nismo
29%
Windows Neptune
29%
Antena 3 (Romania)
25%
Blinkist
25%
Didar
25%
Fox Corporation
25%
Jeem TV
25%
No matching quizzes found
Score Distribution
Percent of People with Each Score
Percentile by Number Answered
Your Score History
You have not taken this quiz